000 01094nam a2200241 a 4500
001 000032096
005 20200930063427.0
008 090701s2005 dr c 000 0 spa d
040 _aDO-SdBNP
_bspa
_cBNPHU
082 _a021.7
_bF356o, 2005
111 2 _aFeria Internacional del Libro
_n(8ª :
_d2005 :
_cSanto Domingo, República Dominicana)
_958214
245 1 0 _aVIII Feria Internacional del Libro Santo Domingo 2005 :
_bprograma.
246 3 0 _aOctava Feria Internacional del Libro Santo Domingo 2005
260 _aSanto Domingo :
_bDirección General de la Feria del Libro,
_c2005.
300 _a167 p. :
_bretr. ;
_c19 cm.
500 _aPaís invitado de honor: Italia, dedicada a Aída Cartagena Portalatín
500 _aA la cabeza de la portada: Leer es avanzar
590 _aInventariado,2018/DG
611 2 4 _aFERIA INTERNACIONAL DEL LIBRO
_n(8ª :
_d2005 :
_cSANTO DOMINGO, REPÚBLICA DOMINICANA)
_xPROGRAMAS
_953139
650 4 _aFeria del libro
_xProgramas
_y2005
_958215
650 4 _aFeria del libro
_zRepública Dominicana
_y2005
_958216
910 _aValidado. Control de caliad. MFF
999 _c31587
_d31587